Catálogo
 En Linea

Memoria anual 1993 empresas BHD. (Registro nro. 2363)

Detalles MARC
000 -CABECERA
campo de control de longitud fija 00534nam a2200169 u 4500
001 - NÚMERO DE CONTROL
campo de control 000002527
005 - FECHA Y HORA DE LA ÚLTIMA TRANSACCIÓN
campo de control 20241202094152.0
008 - DATOS DE LONGITUD FIJA--INFORMACIÓN GENERAL
campo de control de longitud fija 090702s1993 dr ac r 001 0 spa d
040 ## - FUENTE DE LA CATALOGACIÓN
Centro catalogador/agencia de origen DO-SdBNP
Lengua de catalogación spa
Centro/agencia transcriptor BNPHU
082 ## - NÚMERO DE LA CLASIFICACIÓN DECIMAL DEWEY
Número de clasificación 332.12
Número de documento/Ítem M533
110 1# - ENTRADA PRINCIPAL--NOMBRE DE ENTIDAD CORPORATIVA
Nombre de entidad corporativa o nombre de jurisdicción como elemento de entrada República Dominicana.
Unidad subordinada Banco Hipotecario Dominicano
9 (RLIN) 7936
245 10 - MENCIÓN DE TÍTULO
Título Memoria anual 1993 empresas BHD.
260 ## - PUBLICACIÓN, DISTRIBUCIÓN, ETC.
Lugar de publicación, distribución, etc. Santo Domingo :
Nombre del editor, distribuidor, etc. Banco Hipotecario Dominicano,
Fecha de publicación, distribución, etc. 1993.
300 ## - DESCRIPCIÓN FÍSICA
Extensión 72 p. :
Otras características físicas retr. ;
Dimensiones 28 cm.
500 ## - NOTA GENERAL
Nota general Incluye índice.
650 #0 - PUNTO DE ACCESO ADICIONAL DE MATERIA--TÉRMINO DE MATERIA
Término de materia o nombre geográfico como elemento de entrada Economía dominicana
9 (RLIN) 7937
Existencias
Estado de retiro Estado de pérdida No para préstamo Código de colección Localización permanente Ubicación/localización actual Ubicación en estantería Fecha de adquisición Número de inventario Total de préstamos Signatura topográfica completa Código de barras Fecha visto por última vez Precio válido a partir de Tipo de ítem Koha Número de copia
    Excluido de préstamo Patrimonio Dominicano Patrimonio Dominicano Patrimonio Dominicano En catalogación 02.07.2009 LF1   332.12 M533 2527-10 25.06.2020 25.06.2020 Libro y Folleto Colección Patrimonio Dominicano  
    Excluido de préstamo Patrimonio Dominicano Patrimonio Dominicano Patrimonio Dominicano En catalogación 02.07.2009 LF1   332.12 M533 2527-20 25.06.2020 25.06.2020 Libro y Folleto Colección Patrimonio Dominicano e. 2
    Excluido de préstamo Dominicana de Servicio Patrimonio Dominicano Patrimonio Dominicano En catalogación 02.07.2009 LF1   332.12 M533 2527-30 25.06.2020 25.06.2020 Libro y Folleto Colección Dominicana de Servicio e. 3

Con tecnología Koha